Un modelo general de gestión por competencias: modelos y metodologías para la identificación y construcción de competencias

שמור ב:
מידע ביבליוגרפי
מחבר ראשי: Saracho, José María (Author)
פורמט: ספר
שפה:ספרדית
יצא לאור: Santiago RIL 2005
מהדורה:1a. ed
סדרה:Serie Dirección
נושאים:
תגים: הוספת תג
אין תגיות, היה/י הראשונ/ה לתייג את הרשומה!

MARC

LEADER 00000nam a2200000 a 4500
001 UCJ1315
003 CL-VaPUC
008 061013e20050000CL |||||||||||||||||spa|d
020 |a 9562844323 
082 0 4 |a 658.3  |b SAR  |2 21 
100 0 |a Saracho, José María  |e author  |9 501886 
245 1 3 |a Un modelo general de gestión por competencias: modelos y metodologías para la identificación y construcción de competencias 
250 |a 1a. ed 
300 |a 278 p 
942 |c BK 
945 |d 20061013 00:00:00  |a cmena 
260 |a Santiago  |b RIL  |c 2005 
650 0 |a Administración del personal  |9 260442 
650 0 |a Recursos humanos   |9 228420 
650 7 |a GESTION POR COMPETENCIAS  |2 CL-VaPUC  |9 501887 
650 0 |a Planificación estratégica   |9 259735 
650 0 |a Toma de decisiones   |9 257530 
583 |a last modification  |c 20061013 00:00:00  |k Rodrigo Vera 
490 0 |a Serie Dirección 
999 |c 317936  |d 317934 
952 |0 0  |1 0  |4 0  |6 658_300000000000000_SAR_2005  |7 0  |8 A  |9 395046  |a BIBENE  |b BIBENE  |d 2019-11-22  |i 4282191  |o 658.3 SAR 2005  |p 4282191  |r 2025-01-15  |w 2019-11-22  |y BK  |k ICO 
952 |0 0  |1 0  |4 0  |6 658_300000000000000_SAR_2005  |7 0  |8 A  |9 395047  |a BIBEDU  |b BIBEDU  |d 2019-11-22  |i 4378849  |o 658.3 SAR 2005  |p 4378849  |r 2019-11-22  |w 2019-11-22  |y BK  |k EPE